[Event "Veletrzni turnaj 2019"]
[Site "Brno"]
[Date "2019.08.30"]
[Round "7.11"]
[White "Stehlik, Jiri"]
[Black "Nekvasil, Radek"]
[Result "0-1"]
[WhiteElo "1886"]
[BlackElo "1708"]
[PlyCount "72"]
[EventDate "2019.08.25"]

1. Nf3 c5 2. c4 Nc6 3. Nc3 e6 4. g3 Be7 5. Bg2 Nf6 6. d4 d5 7. cxd5 Nxd5 8. O-O
cxd4 9. Nxd5 exd5 10. Nxd4 O-O 11. Be3 Bf6 12. Rc1 Bxd4 13. Bxd4 Be6 14. h3 Qa5
15. a3 Rfd8 16. e3 Rac8 17. Bc3 Qb6 18. Qa4 d4 19. exd4 Bb3 20. Ba5 Bxa4 21.
Bxb6 axb6 22. d5 Nd4 23. Rxc8 Rxc8 24. Re1 Rc1 25. Rxc1 Ne2+ 26. Kf1 Nxc1 27.
d6 Bb5+ 28. Kg1 Ne2+ 29. Kh2 Kf8 30. Bxb7 Ke8 31. Bd5 Nd4 32. f4 Bc6 33. Ba2
Nf5 34. Bb1 Nxd6 35. Bxh7 g6 36. h4 Kf8 0-1

[Event "Veletrzni turnaj 2019"]
[Site "Brno"]
[Date "2019.08.30"]
[Round "7.12"]
[White "Krupica, Pavel"]
[Black "Haupt, Jaromir"]
[Result "1-0"]
[WhiteElo "1856"]
[BlackElo "1743"]
[PlyCount "103"]
[EventDate "2019.08.25"]

1. Nf3 d6 2. b3 g6 3. Bb2 Nf6 4. g3 Bg7 5. Bg2 O-O 6. d4 Nbd7 7. O-O c5 8. d5
b5 9. Re1 Qb6 10. e4 Ng4 11. Bxg7 Kxg7 12. h3 Nge5 13. Nbd2 Ba6 14. Nxe5 Nxe5
15. f4 c4+ 16. Kh2 Nd7 17. Nf3 cxb3 18. cxb3 b4 19. Rc1 Rac8 20. h4 Rxc1 21.
Qxc1 Kg8 22. Qc6 Nc5 23. Qxb6 axb6 24. Nd4 Nd3 25. Rd1 Ra8 26. Rd2 Kf8 27. Nc6
Ke8 28. e5 Rc8 29. exd6 exd6 30. f5 gxf5 31. Bh3 Ne5 32. Nxe5 dxe5 33. Bxf5 Rc1
34. Bxh7 Bb7 35. Be4 Kd7 36. h5 Kd6 37. h6 Rc8 38. g4 Rh8 39. h7 f6 40. Kg3 Bc8
41. Rf2 f5 42. gxf5 Rxh7 43. f6 Rh3+ 44. Kg2 Rh8 45. f7 Rf8 46. Rf6+ Kc5 47. d6
Bd7 48. Kg3 Kd4 49. Bf5 Bxf5 50. Rxf5 Ke4 51. Rf6 Rc8 52. f8=Q 1-0

[Event "Veletrzni turnaj 2019"]
[Site "Brno"]
[Date "2019.08.30"]
[Round "7.13"]
[White "Zikan, Karel"]
[Black "Pokladnik, Martin"]
[Result "0-1"]
[WhiteElo "1717"]
[BlackElo "1980"]
[PlyCount "66"]
[EventDate "2019.08.25"]

1. Nf3 Nf6 2. c4 e6 3. Nc3 d5 4. d4 Nbd7 5. Bg5 c6 6. e3 Qa5 7. Bxf6 Nxf6 8.
Nd2 Bb4 9. Qc2 O-O 10. Bd3 dxc4 11. Nxc4 Qc7 12. a3 Be7 13. b4 b6 14. Ne4 Nd7
15. O-O g6 16. Rac1 Bb7 17. Rfd1 Rac8 18. Ncd2 Qb8 19. Nb3 Rfd8 20. Qe2 Ba8 21.
Rc2 c5 22. bxc5 Bd5 23. Rb2 Qa8 24. f3 bxc5 25. Nbxc5 Nxc5 26. Nxc5 Bxc5 27.
dxc5 Rxc5 28. e4 Bc6 29. Rdb1 Qc8 30. Qe3 Rc3 31. Rb3 Rcxd3 32. Qxd3 Rxd3 33.
Rb8 Rd8 0-1

[Event "Veletrzni turnaj 2019"]
[Site "Brno"]
[Date "2019.08.30"]
[Round "7.14"]
[White "Vavrinkova, Anna"]
[Black "Petlan, Ivan"]
[Result "0-1"]
[WhiteElo "1652"]
[BlackElo "1951"]
[PlyCount "82"]
[EventDate "2019.08.25"]

1. e4 c6 2. d4 d5 3. exd5 cxd5 4. c4 Nf6 5. Nc3 e6 6. Nf3 Nc6 7. cxd5 Nxd5 8.
a3 Be7 9. Bd3 O-O 10. O-O Bf6 11. Bc2 Nxc3 12. bxc3 b6 13. Qd3 g6 14. Bb2 Bb7
15. Nd2 Rc8 16. Ne4 Bg7 17. a4 f5 18. Ng3 Na5 19. Qe2 Re8 20. Bd3 Qd5 21. f3 e5
22. Bb5 Re6 23. Rfe1 Nc4 24. Bxc4 Qxc4 25. Qxc4 Rxc4 26. f4 e4 27. Nf1 Rd6 28.
Ne3 Rc8 29. a5 b5 30. Ba3 Rd7 31. Bc5 Ba6 32. g4 Rf7 33. Nd5 Bf8 34. Bxf8 Kxf8
35. Re3 Bb7 36. Nb4 fxg4 37. Rf1 Rc4 38. Kg2 Bc8 39. Kg3 Bf5 40. Rd1 Rfc7 41.
Rc1 Rxb4 0-1

[Event "Veletrzni turnaj 2019"]
[Site "Brno"]
[Date "2019.08.30"]
[Round "7.15"]
[White "Nisztuk, Michal"]
[Black "Licka, Vlastimil"]
[Result "0-1"]
[WhiteElo "1630"]
[BlackElo "1872"]
[PlyCount "92"]
[EventDate "2019.08.25"]

1. e4 c5 2. Nf3 a6 3. c3 Nf6 4. e5 Nd5 5. d4 cxd4 6. c4 Nc7 7. Qxd4 Ne6 8. Qe3
d6 9. Nc3 dxe5 10. Qxe5 Nc6 11. Qe3 Nb4 12. Qe4 Nc5 13. Qb1 g6 14. Nh4 e5 15.
g3 Qxh4 16. gxh4 Bf5 17. a3 Nc2+ 18. Kd1 Rd8+ 19. Nd5 Nb3 20. Bg5 Rd6 21. Qa2
Ncxa1 22. Bf6 Rg8 23. Bg2 Bh6 24. Bxe5 Rd7 25. Re1 Bd2 26. Nf6+ Kd8 27. Nxg8
Bc2+ 28. Ke2 Bd3+ 29. Kf3 Bxe1 30. a4 Bb4 31. Bh3 f5 32. Nf6 Re7 33. Bc3 Bc5
34. Kg2 Re2 35. a5 Rxf2+ 36. Kg3 Nc1 37. Bf1 Nxa2 38. Bxd3 Nxc3 39. bxc3 Rd2
40. Bf1 Nc2 41. Nxh7 Ne3 42. Bh3 Nxc4 43. Ng5 Bf2+ 44. Kf3 Bxh4 45. Ne6+ Ke7
46. Nd4 Rf2# 0-1

[Event "Veletrzni turnaj 2019"]
[Site "Brno"]
[Date "2019.08.30"]
[Round "7.17"]
[White "Vaculik, Martin"]
[Black "Bauer, Miroslav"]
[Result "0-1"]
[WhiteElo "1772"]
[BlackElo "1611"]
[PlyCount "70"]
[EventDate "2019.08.25"]

1. d4 d5 2. c4 c6 3. Nf3 Nf6 4. Nc3 e6 5. e3 Nbd7 6. Bd3 dxc4 7. Bxc4 b5 8. Bd3
a6 9. O-O c5 10. Qe2 Be7 11. Rd1 Qb6 12. Bc2 O-O 13. e4 cxd4 14. Nxd4 Bc5 15.
Nb3 Bb7 16. e5 Nd5 17. Ne4 Rac8 18. Nbxc5 Nxc5 19. Nd6 Rc7 20. Qh5 g6 21. Qh6
Nd7 22. Bb3 Nxe5 23. Ne4 f5 24. Bxd5 Bxd5 25. Be3 Qb7 26. Bd4 Ng4 27. Qf4 Bxe4
28. f3 Bc2 29. Rdc1 Nf6 30. Qe5 Qc8 31. b3 Rc6 32. h3 Qd7 33. Bc3 Qd3 34. Bb4
Rf7 35. Ba5 Nd5 0-1

[Event "Veletrzni turnaj 2019"]
[Site "Brno"]
[Date "2019.08.30"]
[Round "7.18"]
[White "Zaza, Martin"]
[Black "Neduchal, Jiri"]
[Result "1-0"]
[WhiteElo "1234"]
[BlackElo "1790"]
[PlyCount "96"]
[EventDate "2019.08.25"]

1. b3 d5 2. Bb2 e6 3. e3 Nf6 4. Nf3 Be7 5. Be2 c5 6. c4 Nc6 7. O-O O-O 8. d4
cxd4 9. Nxd4 a6 10. Nxc6 bxc6 11. Nc3 Bb7 12. Qc2 Qc7 13. Rac1 Rac8 14. Na4 c5
15. Bxf6 Bxf6 16. cxd5 Bxd5 17. Qxc5 Qb7 18. Qb6 Bxg2 19. Qxb7 Bxb7 20. Nc5 Rc7
21. Nxb7 Rxb7 22. Bxa6 Ra7 23. Rc6 Rfa8 24. Rfc1 g6 25. Rc8+ Kg7 26. Rxa8 Rxa8
27. Rc6 Be7 28. a4 Rb8 29. Bb5 h5 30. Bc4 Bb4 31. Ra6 Rc8 32. Ra7 Kf6 33. a5
Bc5 34. Rb7 Ra8 35. a6 Ra7 36. Rb5 Be7 37. Ra5 Bd8 38. Ra4 Ke5 39. Be2 Bb6 40.
b4 Kd6 41. Ra2 Rc7 42. Rd2+ Ke7 43. b5 h4 44. Kg2 g5 45. Bf3 Rd7 46. Rc2 Ra7
47. Rc6 Bd8 48. b6 Rxa6 1-0

[Event "Veletrzni turnaj 2019"]
[Site "Brno"]
[Date "2019.08.30"]
[Round "7.19"]
[White "Lisik, Miroslav"]
[Black "Kacalek, Tomas"]
[Result "1-0"]
[WhiteElo "1654"]
[BlackElo "1683"]
[PlyCount "50"]
[EventDate "2019.08.25"]

1. e4 d6 2. d4 Nf6 3. Nc3 g6 4. Nf3 Bg7 5. h3 O-O 6. Be3 c6 7. Be2 b5 8. a3 Bb7
9. O-O Nbd7 10. e5 dxe5 11. dxe5 Ne8 12. e6 fxe6 13. Ng5 Nc7 14. Bg4 Rf6 15.
Nce4 Rf5 16. Bxf5 exf5 17. Nc5 Nxc5 18. Bxc5 Qe8 19. c3 e5 20. Qb3+ Kh8 21.
Nf7+ Kg8 22. Nd6+ Kh8 23. Nxb7 Ne6 24. Bb4 a5 25. Bxa5 Ng5 1-0

[Event "Veletrzni turnaj 2019"]
[Site "Brno"]
[Date "2019.08.30"]
[Round "7.20"]
[White "Habinova, Alice"]
[Black "Keprt, Tomas"]
[Result "0-1"]
[WhiteElo "1356"]
[BlackElo "1438"]
[PlyCount "54"]
[EventDate "2019.08.25"]

1. e4 c5 2. Nc3 Nc6 3. f4 g6 4. Nf3 Bg7 5. Bc4 a6 6. a4 d6 7. O-O Nf6 8. d3 O-O
9. Qe1 Bg4 10. Nh4 Nd4 11. Qf2 Be6 12. Nd5 Ng4 13. Qd2 Bxd5 14. Bxd5 e6 15. Ba2
Qxh4 16. g3 Qh5 17. c3 Nc6 18. Qg2 Nf6 19. f5 exf5 20. exf5 gxf5 21. Bf4 Rad8
22. Rae1 d5 23. Bc7 Rc8 24. Bd6 Rfe8 25. Bxc5 Ne5 26. d4 Nf3+ 27. Qxf3 Rxe1 0-1

[Event "Veletrzni turnaj 2019"]
[Site "Brno"]
[Date "2019.08.30"]
[Round "7.21"]
[White "Brychta, Jan"]
[Black "Mares, Jaroslav"]
[Result "0-1"]
[WhiteElo "1457"]
[BlackElo "1990"]
[PlyCount "80"]
[EventDate "2019.08.25"]

1. g3 g6 2. Bg2 Bg7 3. c4 c5 4. e4 e5 5. Ne2 Ne7 6. O-O O-O 7. d3 d6 8. f4 f5
9. Nbc3 Nbc6 10. a3 a6 11. exf5 Nxf5 12. Bd5+ Kh8 13. Ne4 h6 14. Bd2 Nfe7 15.
N2c3 Bh3 16. Rf2 Rb8 17. Qc1 Nf5 18. Ne2 Bg4 19. Qf1 Nfd4 20. Nxd4 Nxd4 21. h3
Bf5 22. Re1 Kh7 23. Be3 Bxe4 24. dxe4 exf4 25. gxf4 Qh4 26. Kh2 g5 27. Qg2 gxf4
28. Rg1 Be5 29. Qg6+ Kh8 30. Bxd4 Bxd4 31. Rfg2 Bxg1+ 32. Kxg1 Qf6 33. Qh5 Kh7
34. Kh2 f3 35. Rf2 Qf4+ 36. Kh1 Qg3 37. Rxf3 Qxf3+ 38. Qxf3 Rxf3 39. e5 Rxh3+
40. Kg2 Rb3 0-1

[Event "Veletrzni turnaj 2019"]
[Site "Brno"]
[Date "2019.08.30"]
[Round "7.22"]
[White "Tajovsky, Simon"]
[Black "Hrdlicka, Vladan"]
[Result "0-1"]
[WhiteElo "1494"]
[BlackElo "1774"]
[PlyCount "66"]
[EventDate "2019.08.25"]

1. d4 d5 2. Nf3 Nf6 3. c4 c6 4. Nc3 dxc4 5. e3 b5 6. a4 Nd5 7. e4 Nxc3 8. bxc3
e6 9. Bf4 Bb7 10. Qc2 Be7 11. Be2 Nd7 12. O-O O-O 13. Rfb1 a6 14. Rb2 Nb6 15.
a5 Nd7 16. Bxc4 c5 17. d5 exd5 18. Bxd5 Bxd5 19. exd5 b4 20. Re1 Bf6 21. Ra2
Bxc3 22. Re3 Re8 23. Qf5 Rxe3 24. Bxe3 Nf6 25. Bd2 Qxd5 26. Qxd5 Nxd5 27. Rc2
Rb8 28. Bxc3 Nxc3 29. Kf1 Rb5 30. Rd2 h6 31. Rd8+ Kh7 32. Rd7 Rxa5 33. Rxf7 b3
0-1

[Event "Veletrzni turnaj 2019"]
[Site "Brno"]
[Date "2019.08.30"]
[Round "7.23"]
[White "Ulcak, Michael"]
[Black "Krystl, Jaromir"]
[Result "1-0"]
[WhiteElo "1443"]
[BlackElo "1548"]
[PlyCount "71"]
[EventDate "2019.08.25"]

1. e4 e5 2. Nf3 d6 3. Bc4 Be6 4. Bb3 Be7 5. c3 Nf6 6. d3 O-O 7. Bxe6 fxe6 8.
Qb3 Qc8 9. O-O Na6 10. Be3 Ng4 11. d4 exd4 12. cxd4 c5 13. d5 Nxe3 14. fxe3 c4
15. Qb5 Qc5 16. Qxb7 Nc7 17. Nbd2 exd5 18. exd5 Rab8 19. Qc6 Qxc6 20. dxc6 Rxb2
21. Nxc4 Rb4 22. Na5 Rfb8 23. Nb7 Bf6 24. Rad1 d5 25. Nc5 R8b6 26. Nd4 Be7 27.
Nd7 Ra6 28. a3 Rb2 29. Rb1 Rxb1 30. Rxb1 g6 31. Rb8+ Kg7 32. Rb7 Bg5 33. Ne6+
Nxe6 34. Nc5+ Kh6 35. Nxa6 Bxe3+ 36. Kf1 1-0

[Event "Veletrzni turnaj 2019"]
[Site "Brno"]
[Date "2019.08.30"]
[Round "7.25"]
[White "Zezula, Jakub"]
[Black "Sojka, Oldrich"]
[Result "1-0"]
[WhiteElo "1213"]
[BlackElo "1447"]
[PlyCount "105"]
[EventDate "2019.08.25"]

1. e4 e5 2. Nf3 Nc6 3. Nc3 Nf6 4. Bb5 Bd6 5. O-O O-O 6. d3 h6 7. Re1 a6 8. Ba4
b5 9. Bb3 Bc5 10. Be3 Be7 11. Nd5 d6 12. Nxf6+ Bxf6 13. Bd5 Bd7 14. d4 Qe7 15.
dxe5 dxe5 16. Qe2 Rac8 17. c3 Qd8 18. Rad1 Qe8 19. Rd3 Ne7 20. Bc5 c6 21. Bb3
Be6 22. Red1 Kh7 23. Bb6 Ng6 24. Bxe6 fxe6 25. Be3 Rf7 26. g3 Be7 27. Kg2 Qf8
28. Rd7 Bf6 29. Bc5 Qe8 30. Qd2 Rc7 31. Rxc7 Rxc7 32. Qd6 Qf7 33. Bb6 Rc8 34.
Qd7 Ne7 35. Bc5 Rf8 36. Rd3 Re8 37. Bxe7 Rxe7 38. Qxc6 Ra7 39. Rd6 Qg6 40. Rxe6
Qf7 41. Nxe5 Qb7 42. Qxb7 Rxb7 43. Ng4 Be7 44. Rxa6 h5 45. Ne3 Bc5 46. Kf3 Rf7+
47. Ke2 g6 48. Ra5 Rb7 49. e5 Rb8 50. e6 Kh6 51. Nd5 Rf8 52. f4 Re8 53. e7 1-0

[Event "Veletrzni turnaj 2019"]
[Site "Brno"]
[Date "2019.08.31"]
[Round "8.1"]
[White "Vyskocil, Neklan"]
[Black "Jires, Jiri"]
[Result "1/2-1/2"]
[WhiteElo "2306"]
[BlackElo "2073"]
[PlyCount "122"]
[EventDate "2019.08.25"]

1. d4 Nf6 2. c4 g6 3. Nc3 Bg7 4. Bg5 d6 5. e3 O-O 6. Nf3 h6 7. Bh4 g5 8. Bg3
Nh5 9. Be2 e5 10. dxe5 Nxg3 11. hxg3 dxe5 12. Qxd8 Rxd8 13. Nd2 Be6 14. g4 Na6
15. O-O-O Nc5 16. Nde4 Nxe4 17. Nxe4 b6 18. b3 Kf8 19. Ng3 Ke7 20. f3 a5 21. a4
Bf8 22. Bd3 Rd6 23. Bf5 Rad8 24. Rxd6 Rxd6 25. Kc2 Rd8 26. Ne4 c5 27. Nc3 Kf6
28. Bxe6 fxe6 29. Rd1 Rxd1 30. Kxd1 Kg6 31. Ke2 Bd6 32. Kd3 Bc7 33. Ke4 Kf6 34.
Ne2 Bd6 35. g3 Bb8 36. Nc1 Bc7 37. Nd3 Bd6 38. f4 exf4 39. gxf4 Bc7 40. Ne1
gxf4 41. exf4 Bd6 42. Nc2 e5 43. g5+ hxg5 44. fxg5+ Kxg5 45. Ne3 Kf6 46. Nd5+
Ke6 47. Nxb6 Bc7 48. Nd5 Bd6 49. Nc3 Bc7 50. Ne2 Bd8 51. Ng3 Bc7 52. Kf3 Bb6
53. Ke4 Bc7 54. Nf5 Bb8 55. Ne3 Bc7 56. Nd5 Bd6 57. Nc3 Bc7 58. Kf3 Kf5 59. Ne4
Bb6 60. Nd6+ Ke6 61. Ne4 Bc7 1/2-1/2

[Event "Veletrzni turnaj 2019"]
[Site "Brno"]
[Date "2019.08.31"]
[Round "8.3"]
[White "Sipek, Michal"]
[Black "Dirgas, Josef"]
[Result "1-0"]
[WhiteElo "2010"]
[BlackElo "2114"]
[PlyCount "51"]
[EventDate "2019.08.25"]

1. e4 e5 2. Nf3 Nc6 3. Bc4 Bc5 4. b4 Bxb4 5. c3 Ba5 6. Qb3 Qf6 7. d4 Nxd4 8.
Nxd4 exd4 9. O-O Bb6 10. e5 Qxe5 11. Bxf7+ Kf8 12. Ba3+ d6 13. Nd2 Qf4 14. Bxg8
Rxg8 15. Nf3 dxc3 16. Rae1 Bd7 17. Ne5 Ba4 18. Qd5 Rd8 19. Re4 Qf6 20. Rxa4 g6
21. Re4 Kg7 22. Ng4 Qf5 23. Qd3 Rge8 24. Qxc3+ Re5 25. Nxe5 dxe5 26. Qxe5+ 1-0

[Event "Veletrzni turnaj 2019"]
[Site "Brno"]
[Date "2019.08.31"]
[Round "8.4"]
[White "Wunsch, Radek"]
[Black "Straka, Vojtech"]
[Result "1-0"]
[WhiteElo "1833"]
[BlackElo "1997"]
[PlyCount "129"]
[EventDate "2019.08.25"]

1. e4 c6 2. d4 d5 3. e5 Bf5 4. h4 h6 5. g4 Be4 6. f3 Bh7 7. e6 fxe6 8. Bd3 Qd6
9. Bxh7 Rxh7 10. f4 Nf6 11. Nc3 Nbd7 12. Qd3 O-O-O 13. g5 hxg5 14. fxg5 Ne4 15.
Nxe4 dxe4 16. Qxe4 Qd5 17. Qxh7 Qxh1 18. Be3 Qd5 19. Qd3 e5 20. c4 Qh1 21.
O-O-O e4 22. Qa3 Qxh4 23. Qxa7 Qg3 24. d5 c5 25. Bxc5 Nxc5 26. Qxc5+ Kb8 27.
Ne2 Qxg5+ 28. Kb1 e6 29. Qd4 exd5 30. cxd5 Qg2 31. Nc3 Qg6 32. Ka1 Be7 33. Nxe4
Bf6 34. Qa4 Qg2 35. Nxf6 gxf6 36. d6 Qg3 37. Qd4 Qe5 38. Qb6 Rd7 39. Rg1 Qe8
40. a3 Qd8 41. Qb3 Qa5 42. Qe6 Qb6 43. Rd1 Qd8 44. Kb1 f5 45. Qxf5 Rxd6 46. Qe5
Kc7 47. Kc2 Kc6 48. Qc3+ Kd7 49. Rxd6+ Kxd6 50. Qd4+ Kc7 51. Qxd8+ Kxd8 52. Kc3
Kc7 53. Kc4 Kc6 54. b3 Kb6 55. Kd5 Kb5 56. Kd6 Kb6 57. b4 Ka6 58. Kc7 Ka7 59.
b5 Ka8 60. Kb6 Kb8 61. a4 Ka8 62. a5 Kb8 63. a6 Ka8 64. axb7+ Kb8 65. Ka6 1-0

[Event "Veletrzni turnaj 2019"]
[Site "Brno"]
[Date "2019.08.31"]
[Round "8.5"]
[White "Glozar, Petr"]
[Black "Blazek, Pavel"]
[Result "1-0"]
[WhiteElo "1903"]
[BlackElo "1730"]
[PlyCount "63"]
[EventDate "2019.08.25"]

1. d4 d6 2. c4 e5 3. e3 Nc6 4. h3 e4 5. Nc3 f5 6. Nge2 Nf6 7. Nf4 Ne7 8. Be2 d5
9. cxd5 Nexd5 10. Nfxd5 Nxd5 11. Qb3 Nf6 12. Bc4 Qe7 13. a4 c6 14. Bd2 g5 15.
Ne2 Bg7 16. h4 h6 17. hxg5 hxg5 18. O-O-O Rxh1 19. Rxh1 Ng4 20. f3 Nf6 21. f4
g4 22. Ng3 Qd7 23. Nh5 Nxh5 24. Rxh5 Qe7 25. Bc3 Kd8 26. Kb1 Kc7 27. d5 Bxc3
28. Qxc3 Bd7 29. Rh6 Qc5 30. b4 Qf8 31. d6+ Kd8 32. Rh8 1-0

[Event "Veletrzni turnaj 2019"]
[Site "Brno"]
[Date "2019.08.31"]
[Round "8.6"]
[White "Pavlik, Vladimir"]
[Black "Nekvasil, Radek"]
[Result "1-0"]
[WhiteElo "1898"]
[BlackElo "1708"]
[PlyCount "69"]
[EventDate "2019.08.25"]

1. e4 b6 2. d4 e6 3. Nf3 Bb7 4. Bd3 Be7 5. O-O d6 6. Re1 Nf6 7. c4 c6 8. e5
dxe5 9. dxe5 Nfd7 10. Qc2 h6 11. Nc3 Qc7 12. Bf4 Nc5 13. Bf1 Nba6 14. a3 Rd8
15. Rad1 O-O 16. Nd2 Rd4 17. Be3 Rh4 18. g3 Rh5 19. f4 g5 20. Be2 gxf4 21. Bxf4
Rf5 22. Bg4 Rxf4 23. gxf4 b5 24. b4 Nd7 25. c5 Naxc5 26. bxc5 Bxc5+ 27. Kg2
Bxa3 28. Bf3 a6 29. Nde4 Be7 30. Rg1 Kh8 31. Kh1 f5 32. Qg2 Bg5 33. Nxg5 Nxe5
34. fxe5 Qxe5 35. Nf7+ 1-0

[Event "Veletrzni turnaj 2019"]
[Site "Brno"]
[Date "2019.08.31"]
[Round "8.7"]
[White "Marsa, Alexandr"]
[Black "Krupica, Pavel"]
[Result "1/2-1/2"]
[WhiteElo "1853"]
[BlackElo "1856"]
[PlyCount "64"]
[EventDate "2019.08.25"]

1. d4 d5 2. c4 c6 3. Nc3 Nf6 4. e3 e6 5. Nf3 Nbd7 6. Bd3 dxc4 7. Bxc4 b5 8. Be2
a6 9. e4 Bb4 10. e5 Ne4 11. Qc2 Nxc3 12. bxc3 Be7 13. O-O Bb7 14. Qe4 O-O 15.
a4 Qc7 16. Bd3 g6 17. Bg5 c5 18. Qh4 f6 19. exf6 Bxf6 20. Bxf6 Nxf6 21. Ne5
cxd4 22. cxd4 b4 23. Rfc1 Qg7 24. Bc4 Nd5 25. Bxd5 Bxd5 26. Nc6 Bxc6 27. Rxc6
Rfd8 28. Rxa6 b3 29. Rxa8 Rxa8 30. Qe4 Ra6 31. Rb1 Qc7 32. g3 Qc2 1/2-1/2

[Event "Veletrzni turnaj 2019"]
[Site "Brno"]
[Date "2019.08.31"]
[Round "8.8"]
[White "Tajovsky, Matej"]
[Black "Snorek, Milan"]
[Result "1/2-1/2"]
[WhiteElo "1819"]
[BlackElo "1949"]
[PlyCount "75"]
[EventDate "2019.08.25"]

1. e4 c6 2. d4 d5 3. exd5 cxd5 4. c4 Nf6 5. Nc3 e6 6. Nf3 Bb4 7. Bd3 O-O 8. O-O
Nc6 9. Bg5 Be7 10. Re1 h6 11. Bf4 Nb4 12. Bf1 dxc4 13. Bxc4 Nbd5 14. Nxd5 Nxd5
15. Bg3 b6 16. Rc1 Bb7 17. Bb5 Bb4 18. Re2 Bd6 19. Ne5 Bxe5 20. Bxe5 f6 21. Bg3
f5 22. h3 f4 23. Bh2 Qg5 24. Re5 Rf5 25. Rxf5 Qxf5 26. Qf3 Qf7 27. g3 Rd8 28.
gxf4 a6 29. Bc4 Rc8 30. Qd1 Qg6+ 31. Bg3 Nxf4 32. Kh2 Qe4 33. f3 Qf5 34. Bf1
Rxc1 35. Qxc1 Nh5 36. Qe3 Nxg3 37. Kxg3 Qg6+ 38. Kf2 1/2-1/2

[Event "Veletrzni turnaj 2019"]
[Site "Brno"]
[Date "2019.08.31"]
[Round "8.9"]
[White "Pokladnik, Martin"]
[Black "Kriz, Tomas"]
[Result "0-1"]
[WhiteElo "1980"]
[BlackElo "1521"]
[PlyCount "108"]
[EventDate "2019.08.25"]

1. e4 e5 2. Nf3 Nc6 3. Bb5 a6 4. Ba4 Nf6 5. O-O Be7 6. Re1 b5 7. Bb3 O-O 8. a4
Bb7 9. d3 d6 10. c3 Na5 11. Ba2 c5 12. Na3 Qb6 13. Be3 Ng4 14. Bg5 Bxg5 15.
Nxg5 Nf6 16. b4 cxb4 17. cxb4 Nc6 18. axb5 axb5 19. Nc2 h6 20. Nf3 Ra7 21. Bb3
Rxa1 22. Qxa1 Ra8 23. Qc3 Ne7 24. h3 Ng6 25. Ne3 Nf4 26. Nh4 Rc8 27. Qd2 g6 28.
g3 Nxh3+ 29. Kg2 Ng5 30. Nxg6 Nfxe4 31. dxe4 Bxe4+ 32. Kf1 Bxg6 33. Ng4 Kg7 34.
Rd1 Bh5 35. f3 Bxg4 36. fxg4 Ne4 37. Qe1 Nf6 38. Qe2 Rc3 39. Rd3 Rxd3 40. Qxd3
Nxg4 41. Ke2 Qf2+ 42. Kd1 Qe3 43. Qd5 Nf2+ 44. Kc2 Qe4+ 45. Kc3 Qxd5 46. Bxd5
f5 47. Bc6 Ne4+ 48. Kd3 Nxg3 49. Bxb5 Kf6 50. Bc6 Ne4 51. b5 Nc5+ 52. Kc4 h5
53. b6 h4 54. Kb5 e4 0-1

[Event "Veletrzni turnaj 2019"]
[Site "Brno"]
[Date "2019.08.31"]
[Round "8.10"]
[White "Licka, Vlastimil"]
[Black "Krejci, Petr"]
[Result "0-1"]
[WhiteElo "1872"]
[BlackElo "1979"]
[PlyCount "66"]
[EventDate "2019.08.25"]

1. e4 d5 2. exd5 Qxd5 3. Nc3 Qa5 4. d4 Nf6 5. Nf3 Bg4 6. h3 Bh5 7. g4 Bg6 8.
Ne5 e6 9. Nc4 Qb4 10. a3 Qe7 11. Bg5 Nc6 12. Ne5 Nxe5 13. dxe5 Qc5 14. Bxf6
gxf6 15. exf6 c6 16. Qe2 O-O-O 17. h4 h6 18. Bg2 Qd4 19. Rd1 Qxf6 20. Rxd8+
Kxd8 21. h5 Bh7 22. O-O Bd6 23. Rd1 Qf4 24. Qd2 Ke7 25. Qxf4 Bxf4 26. Be4 f5
27. gxf5 exf5 28. Bd3 Be5 29. Re1 Kf6 30. Nd1 Bg8 31. c3 Be6 32. Ne3 f4 33. Nf1
Rg8+ 0-1

[Event "Veletrzni turnaj 2019"]
[Site "Brno"]
[Date "2019.08.31"]
[Round "8.11"]
[White "Petlan, Ivan"]
[Black "Rehurek, Karel"]
[Result "0-1"]
[WhiteElo "1951"]
[BlackElo "1743"]
[PlyCount "44"]
[EventDate "2019.08.25"]

1. d4 Nf6 2. Bf4 g6 3. Nc3 d5 4. f3 Bg7 5. e4 dxe4 6. fxe4 c6 7. Nf3 O-O 8. Qd2
Qa5 9. Bd3 Na6 10. a3 Bg4 11. O-O b5 12. Ne5 Bd7 13. Kh1 Qd8 14. Bh6 Nc7 15.
Bxg7 Kxg7 16. Rf3 Ng4 17. Rh3 h5 18. Rf1 Nxe5 19. Rxh5 gxh5 20. Qg5+ Ng6 21. d5
e5 22. Qxh5 Qh4 0-1

[Event "Veletrzni turnaj 2019"]
[Site "Brno"]
[Date "2019.08.31"]
[Round "8.12"]
[White "Bauer, Miroslav"]
[Black "Zuziak, Petr"]
[Result "0-1"]
[WhiteElo "1611"]
[BlackElo "1900"]
[PlyCount "130"]
[EventDate "2019.08.25"]

1. e4 e5 2. Nf3 Nc6 3. d4 exd4 4. Nxd4 d6 5. Nc3 Nge7 6. Bc4 Ne5 7. Bb3 g6 8.
O-O Bg7 9. h3 O-O 10. f4 N5c6 11. Be3 Na5 12. f5 Nxb3 13. axb3 Nc6 14. Nxc6
bxc6 15. Qf3 f6 16. h4 a6 17. Qg3 Qe8 18. Rf3 Bb7 19. Raf1 c5 20. Qg4 gxf5 21.
Qxf5 Qe5 22. Qxe5 fxe5 23. Bg5 Rxf3 24. Rxf3 Rf8 25. Kf2 Rxf3+ 26. Kxf3 Kf7 27.
Kg4 Bc8+ 28. Kh5 c6 29. Bh6 Be6 30. Bxg7 Kxg7 31. Na4 c4 32. bxc4 Bxc4 33. Kg5
Be6 34. h5 h6+ 35. Kh4 Bc4 36. Nb6 Bf1 37. Nc8 d5 38. exd5 cxd5 39. g4 d4 40.
Ne7 Bg2 41. Nf5+ Kh7 42. Kg3 Be4 43. c4 dxc3 44. bxc3 a5 45. Nd6 Bd3 46. Nb7 a4
47. Nc5 a3 48. Nb3 Bc4 49. Na1 a2 50. Kf3 Bd5+ 51. Ke3 Kg7 52. Kd3 Kf6 53. c4
Bc6 54. Kc3 Kg5 55. Kb2 Kxg4 56. Kxa2 Kxh5 57. Nc2 Kg5 58. Nb4 Be4 59. c5 h5
60. c6 h4 61. c7 Bf5 62. Nd3 e4 63. Ne5 h3 64. Nf7+ Kf4 65. Nd6 Be6+ 0-1

[Event "Veletrzni turnaj 2019"]
[Site "Brno"]
[Date "2019.08.31"]
[Round "8.13"]
[White "Dvoracek, Jan Matyas"]
[Black "Stehlik, Jiri"]
[Result "1/2-1/2"]
[WhiteElo "1574"]
[BlackElo "1886"]
[PlyCount "196"]
[EventDate "2019.08.25"]

1. e4 c5 2. Nf3 Nc6 3. Bb5 g6 4. Bxc6 bxc6 5. O-O Bg7 6. d3 d6 7. h3 e5 8. Nc3
Ne7 9. Nh2 O-O 10. f4 exf4 11. Bxf4 f5 12. Kh1 h6 13. Qd2 Kh7 14. Rae1 Rb8 15.
b3 g5 16. Bg3 f4 17. Bf2 Qa5 18. d4 Ba6 19. Rg1 cxd4 20. Bxd4 Ng6 21. Bxg7 Kxg7
22. Qd4+ Qe5 23. Nf3 Qxd4 24. Nxd4 Rf6 25. Rd1 Ne7 26. Rge1 Rf7 27. e5 d5 28.
Ne6+ Kh7 29. Nc5 Bc8 30. e6 Rg7 31. Re5 Kh8 32. Rde1 Kg8 33. N3a4 Kh8 34. Nd7
Ra8 35. Nac5 Kh7 36. Nf6+ Kh8 37. Ne8 Rg8 38. Nd6 Rf8 39. Nd7 Rg8 40. Nc5 Kg7
41. Nf5+ Kf6 42. Nxh6 Re8 43. Ng4+ Kg6 44. Nh2 Kf6 45. Nf3 Nf5 46. Nh2 Re7 47.
Ng4+ Kg6 48. c3 a5 49. Kg1 Rb8 50. R5e2 Rb5 51. b4 axb4 52. cxb4 Kg7 53. a3 Rb6
54. Re5 Kg6 55. Nd7 Bxd7 56. exd7 Rxd7 57. Re6+ Kg7 58. R1e5 Rf7 59. Rxd5 cxd5
60. Rxb6 d4 61. Ne5 Re7 62. Nf3 d3 63. Rb5 Kf6 64. Rd5 Re3 65. b5 Ne7 66. Rd6+
Kf5 67. b6 d2 68. Nxd2 Re6 69. b7 Rxd6 70. b8=Q Rxd2 71. Qb5+ Rd5 72. Qb1+ Ke6
73. a4 Kd6 74. Qb4+ Rc5 75. Kf2 Nc6 76. Qa3 Na5 77. Kf3 Kc6 78. Qa1 Kb6 79.
Qb1+ Ka6 80. Kg4 Nc6 81. Qa1 Ka5 82. h4 gxh4 83. Kxh4 Rc4 84. Qa2 Rd4 85. Kh3
Nb4 86. Qf2 Rc4 87. Qa7+ Na6 88. Qd7 Nc7 89. Kg4 Kb6 90. Qd6+ Ka5 91. Qd7 Kb6
92. Qd3 Rxa4 93. Qb3+ Ka5 94. Qc3+ Kb6 95. Qb3+ Ka5 96. Qxa4+ Kxa4 97. Kxf4 Kb5
98. g4 Kc6 1/2-1/2

[Event "Veletrzni turnaj 2019"]
[Site "Brno"]
[Date "2019.08.31"]
[Round "8.14"]
[White "Spodny, Josef"]
[Black "Zaza, Martin"]
[Result "1-0"]
[WhiteElo "1856"]
[BlackElo "1234"]
[PlyCount "93"]
[EventDate "2019.08.25"]

1. e4 e5 2. Nf3 Nc6 3. Bb5 a6 4. Ba4 Nf6 5. O-O Nxe4 6. Re1 Nc5 7. Bxc6 dxc6 8.
d4 Ne6 9. dxe5 Qxd1 10. Rxd1 Bc5 11. Nbd2 O-O 12. Nf1 Re8 13. Be3 Bxe3 14. Nxe3
Nf8 15. Rd2 Ng6 16. Rad1 Be6 17. h4 h6 18. g3 Ne7 19. Nd4 Nd5 20. Nxd5 Bxd5 21.
f4 g6 22. Kf2 c5 23. Nb3 Bxb3 24. axb3 Re7 25. Rd8+ Rxd8 26. Rxd8+ Kg7 27. Kf3
h5 28. Ke4 f6 29. Kd5 fxe5 30. fxe5 Kf7 31. e6+ Rxe6 32. Rf8+ Kxf8 33. Kxe6 Kg7
34. c4 g5 35. Kf5 gxh4 36. gxh4 c6 37. Kg5 b5 38. Kxh5 Kf6 39. Kg4 a5 40. Kf4
bxc4 41. bxc4 a4 42. h5 Kg7 43. Ke5 Kh6 44. Kd6 Kxh5 45. Kxc5 Kg6 46. Kxc6 Kf6
47. Kd6 1-0